000
00310nam a2200121 a 4500
008
100917s1988|||| d
245
1
0
_a
Ľúbostné listy rozkošníckeho šesťdesiatnika
100
1
_a
Delibes, Miguel
260
_b
Tatran
_a
Bratislava
_c
1988
020
_c
15
044
_a
xo
_c
SK
041
_a
slo
999
_c
10442
_d
10442